000 00570nam a22002057a 4500
003 OSt
005 20140310183124.0
008 130528t xxu||||| |||| 00| 0 eng d
020 _a9715060528
050 _aR 724
_b.B615 1994
082 _aFIL 174.2
_bB52 1994
245 _aBioethics :
_ba growing concern
_cDepartment of Bioethics, Faculty of Medicine and Surgery
260 _aManila :
_bUST Publishing
_c1994
300 _a145 p. ;
_c24 cm.
521 _acollege students
526 _c1210L-1700L
541 _j1
562 _e1
942 _2lcc
_cBK
_kM
999 _c18993
_d18993